Responses for Show #1649 - Thursday, October 31, 1991

Contestants

[<< previous game]

Deborah Tardiff, an information manager originally from Manchester, New Hampshire

Joe Marra, a schoolteacher from Bayside, New York

Greg Shepherd, a college music instructor from Honolulu, Hawaii (whose 2-day cash winnings total $17,501)

[next game >>]

Jeopardy! Round responses

IDAHO
THE MOVIES
HERE COMES THE BRIDE
U.S. MARINE CORPS
POTPOURRI
"BELL"s
    $100 21
Boise

Joe
    $100 1
Bruce Willis

Deborah
    $100 26
flower girls

Deborah
    $100 16
blue

Greg
    $100 6
a board

Joe
    $100 7
(Joe: What is a... bellow?)

a belly laugh

JoeDeborah
    $200 22
(Alex: With a minute to go.)

Yellowstone

Greg
    $200 2
Pirates of the Caribbean

Triple Stumper
    $200 27
a toast

Greg
    $200 17
Iwo Jima

Greg
    $200 12
Sugar Bear

Greg
    $200 8
a dumbbell

Joe
    $300 23
Sun Valley

Deborah
    $300 3
Suddenly

Greg
    $300 28
the garter

Deborah
    $300 18
Sousa

Greg
    $300 13
(Greg: What is odor?)

odorous

GregDeborah
    $300 9
a bell jar

Deborah
    $400 24
(Greg: What is, uh, [*] or pinto?)
(Alex: [Blows air] No.)
...
(Alex: The pinto is a different breed.)

Appaloosa

GregJoe
    $400 4
West Side Story

Greg
    $400 29
[The end-of-round signal sounds.]

a carat

Greg
    $400 19
(Joe: Um... what were the pirates of Tripoli?)
(Alex: Ooh, no. Joe, I'll give you another shot it it.)
[Joe shakes his head.]
(Alex: Can't do it. Deborah or Greg? They were known as [*].)

the Barbary Pirates

Joe
Triple Stumper
    $400 14
Bouvier

Deborah
    $400 10
"Wedding Bell Blues" (or "One Less Bell To Answer")

Deborah
    $500 25
the Snake

Deborah
    $500 5
(Greg: Who is, um... David Lean?)
...
(Alex: The trouble with Harry was that Harry was dead.)

Alfred Hitchcock

Greg
    $500 20
Parris Island

Joe
    $500 15
Pope John XXIII

Greg
    $500 11
belladonna

Greg

Scores at the first commercial break (after clue 13):

Greg Joe Deborah
$600 $200 $1,200

Scores at the end of the Jeopardy! Round:

Greg Joe Deborah
$2,100 $800 $2,800

Double Jeopardy! Round responses

EXPLORERS
STATE BIRDS
WORLD LEADERS
JAZZ
20th CENTURY AMERICA
WILLIAM FAULKNER
    $200 7
Hudson

Joe
    $200 21
a robin

Greg
    $200 1
Queen Elizabeth II

Greg
    $200 16
Iowa

Deborah
    $200 26
Wilson

Greg
    $200 2
New Orleans

Deborah
    $400 8
Peary

Joe
    $400 22
a grouse

Joe
    $400 3
Greece

Greg
    $400 17
Louis Armstrong

Greg
    $400 27
the Black Panthers

Greg
    $400 12
"The Bear"

Joe
    $600 9
Vitus Bering

Triple Stumper
    $600 23
a mockingbird

Greg
    $600 4
(Greg: What is Taiwan?)

(People's Republic of) China

GregJoe
    $600 18
Glenn Miller

Deborah
    $600 28
Eisenhower

Greg
    $600 13
to have & have not

Deborah
    $800 10
(Captain) Cook

Greg
    $800 24
Nebraska

Greg
    $800 5
(Greg: Who is Che Guevara?)
(Deborah: Who is Batista?)
...
(Alex: Greg, you--)
(Greg: Sorry.)
(Alex: --can't ring in again. Just did it by reflex, remembering that you should have said [*].)

Fidel Castro

GregDeborah
Triple Stumper
    $800 19
Lionel Hampton

Joe
    $800 29
(Joe: Um, who is...)

George S. Patton

Joe
Triple Stumper
    $800 14
(Greg: What is Batawba?)

Yoknapatawpha

GregDeborah
    $1000 11
(Deborah: Who is Marco Polo?)

Vasco da Gama

JoeDeborah
    $2,300 25
(Alex: Rodibus maximus, yes.)
...
(Alex: With a minute to go.)

the road runner

Greg
    $1000 6
Ethiopia

Greg
    $1000 20
Duke Ellington

Joe
    $2,201 30
(Henry Cabot) Lodge

Greg
    $1000 15
[Greg rings in just before the time expiry signal sounds.]
(Greg: Who is... [bows head] Sinclair Lewis?)

Sherwood Anderson

Greg
Triple Stumper

Scores at the end of the Double Jeopardy! Round:

Greg Joe Deborah
$9,001 $4,800 $3,400

[wagering suggestions for these scores]

Final Jeopardy! Round responses

THE WINTER OLYMPICS
DeborahWhat are Grenoble & Lake Placid
$3,400
JoeWhat are Grenoble + Squaw Valley?
$4,700
GregWhat is Lake Placid and Zagreb
$700
St. Moritz, Lake Placid & Innsbruck, Austria

Final scores:

Greg Joe Deborah
$8,301 $100 $0
3-day champion: $25,802 2nd place: Delta Design real-wood unfinished computer desk, hutch & printer stand + Smith-Corona PWP 1200 personal word processor with built-in disk drive + Jeopardy! home game or computerized version 3rd place: RCA extra-large capacity washer & matching RCA dryer + Jeopardy! home game or computerized version

Game dynamics:

Coryat scores:

Greg Joe Deborah
$7,000 $4,800 $3,400
24 R
(including 2 DDs),
7 W
(including 1 DD)
13 R,
3 W
15 R,
2 W

Combined Coryat: $15,200

[game clues] [game scores] [suggest correction]

Game tape date: 1991-09-10
The J! Archive is created by fans, for fans. Scraping, republication, monetization, and malicious use prohibited; this site may use cookies and collect identifying information. See terms. The Jeopardy! game show and all elements thereof, including but not limited to copyright and trademark thereto, are the property of Jeopardy Productions, Inc. and are protected under law. This website is not affiliated with, sponsored by, or operated by Jeopardy Productions, Inc. Join the discussion at JBoard.tv.